[Event "Villa Ballester op 50th"]
[Site "Villa Ballester"]
[Date "2000.??.??"]
[Round "9"]
[White "Papadopulos, Daniel"]
[Black "Iacobacci, Eduardo"]
[Result "0-1"]
[WhiteElo "2205"]
[BlackElo "2226"]
[PlyCount "113"]
[EventDate "2000.??.??"]
[EventType "swiss"]
[EventRounds "9"]
[EventCountry "ARG"]
[SourceTitle "EXT 2001"]
[Source "ChessBase"]
[SourceDate "2000.11.22"]
[SourceVersion "1"]
[SourceVersionDate "2000.11.22"]
[SourceQuality "1"]

1. e4 c5 2. Nf3 e6 3. d4 cxd4 4. Nxd4 Nc6 5. Nb5 d6 6. c4 Nf6 7. N1c3 a6 8. Na3 Be7 9. Be2 0-0 10. 0-0 b6 11. Bf4 Bb7 12. Qd2 Rc8 13. Rfd1 Ne5 14. f3 Qc7 15. Rac1 Rfd8 16. Bf1 h6 17. Be3 Bf8 18. Na4 Ned7 19. Qf2 Nc5 20. Nc3 d5 21. cxd5 exd5 22. b4 d4 23. Bxd4 Rxd4 24. Rxd4 Ncxe4 25. fxe4 Nxe4 26. Qe3 Bd6 27. Nxe4 Bxh2+ 28. Kh1 Qxc1 29. Qxc1 Rxc1 30. Kxh2 Rxf1 31. Nd6 Bc6 32. Nac4 f6 33. Rd2 Rf4 34. a3 b5 35. Na5 Bd7 36. Nab7 g5 37. Nc5 Bc6 38. Nxa6 h5 39. Nb8 Ba8 40. Nxb5 g4 41. Kg3 Rf1 42. Nd6 f5 43. b5 f4+ 44. Kh4 g3 45. Nc6 Rh1+ 46. Kg5 f3 47. gxf3 Rh2 48. Rd1 g2 49. Rg1 h4 50. Kg6 h3 51. Ne7+ Kf8 52. Kf6 Rh1 53. Ng6+ Kg8 54. Ne7+ Kh7 55. Nf7 Bxf3 56. Ng5+ Kh6 57. Nxh3 0-1